000 00503nam a22001817a 4500
999 _c2617
_d2617
003 AR-CdUCM
008 190305b ||||| |||| 00| 0 spa d
040 _aMUNICIPALIDAD PROVINCIAL DEL CUSCO
_cBIBLIOTECA MUNICIPAL DEL CUSCO
082 _a860.8 /
_bL15
100 _aLaforet, Carmen
_99212
245 _aMis páginas mejores /
260 _aMadrid :
_bGredos,
_c1956.
300 _a258 páginas ;
_c19.5 cm.
650 _aCuentos
_9217
650 _aSiglo XX
_98
942 _2ddc
_cLIBROS
945 _aafb